यहाँ सुमन बिखेर दो / (Record no. 111985)

MARC details
000 -LEADER
fixed length control field 01255nam a22003017a 4500
003 - CONTROL NUMBER IDENTIFIER
control field dpl
005 - DATE AND TIME OF LATEST TRANSACTION
control field 20190205120748.0
008 - FIXED-LENGTH DATA ELEMENTS--GENERAL INFORMATION
fixed length control field 190205b ||||| |||| 00| 0 eng d
010 ## - LIBRARY OF CONGRESS CONTROL NUMBER
LC control number B-141543
020 ## - INTERNATIONAL STANDARD BOOK NUMBER
Terms of availability 375.00
International Standard Book Number 8170436095
035 ## - SYSTEM CONTROL NUMBER
System control number B-141543, B-141553
037 ## - SOURCE OF ACQUISITION
Source of stock number/acquisition Cen Lib/Ret
040 ## - CATALOGING SOURCE
Original cataloging agency DPL
Language of cataloging HN
Transcribing agency 0
082 ## - DEWEY DECIMAL CLASSIFICATION NUMBER
Classification number 820.8
Item number यहाँसु
245 ## - TITLE STATEMENT
Title यहाँ सुमन बिखेर दो /
Statement of responsibility, etc संपादक राजकिशोर सिंह [एवं] उषा यादव
246 ## - VARYING FORM OF TITLE
Title proper/short title Yahan suman bikher do /
Remainder of title sampadak Rajkishor Singh [and] Usha Yadav
260 ## - PUBLICATION, DISTRIBUTION, ETC. (IMPRINT)
Place of publication, distribution, etc दिल्ली
Name of publisher, distributor, etc आत्माराम एंड संस
Date of publication, distribution, etc 2004
270 ## - ADDRESS
City दिल्ली
Address कश्मीरी गेट
Postal code 110006
300 ## - PHYSICAL DESCRIPTION
Extent 359पृ.
Dimensions 20सेमी(सजिल्द )
500 ## - GENERAL NOTE
General note
650 ## - SUBJECT ADDED ENTRY--TOPICAL TERM
Topical term or geographic name as entry element हिंदी साहित्य
General subdivision
Geographic subdivision
9 (RLIN) 45344
650 ## - SUBJECT ADDED ENTRY--TOPICAL TERM
Form subdivision
Topical term or geographic name as entry element हिंदी साहित्यकार
9 (RLIN) 1191
650 ## - SUBJECT ADDED ENTRY--TOPICAL TERM
Topical term or geographic name as entry element Hindi litarature
9 (RLIN) 45345
650 ## - SUBJECT ADDED ENTRY--TOPICAL TERM
Topical term or geographic name as entry element Hindi litterateur
9 (RLIN) 45346
700 ## - ADDED ENTRY--PERSONAL NAME
Personal name संपादक राजकिशोर
9 (RLIN) 45332
700 ## - ADDED ENTRY--PERSONAL NAME
Personal name यादव, उषा
9 (RLIN) 45347
942 ## - ADDED ENTRY ELEMENTS (KOHA)
Source of classification or shelving scheme Dewey Decimal Classification
Koha item type Hindi Books
Classification part 820.8
Call number suffix यहाँसु
Holdings
Withdrawn status Lost status Damaged status Not for loan Home library Current library Date acquired Source of acquisition Cost, normal purchase price Total Checkouts Full call number Barcode Date last seen Copy number Cost, replacement price Price effective from Koha item type Source of classification or shelving scheme Collection code
        Central Library Central Library 06/08/2015 Cen Lib/Ret 375.00   820.8 यहाँसु B-141543 06/08/2015 1 375.00 06/08/2015 Hindi Books    
        Shahdara Branch Shahdara Branch 05/02/2019 BPPD/PUB 375.00   820.8 यहाँसु B-141553 05/02/2019   375.00 05/02/2019 Hindi Books Dewey Decimal Classification Non-fiction
        Yojana Vihar Yojana Vihar 26/07/2019 BPPD/PUB 375.00   820.8 यहाँसु B-141554 26/07/2019   375.00 26/07/2019 Hindi Books Dewey Decimal Classification Non-fiction

© Delhi Public Library
Hit Counter
free hit counter